Identity and Integration of the Orthodox Church in India (Record no. 10383)
[ view plain ]
| 000 -LEADER | |
|---|---|
| fixed length control field | 00675nam a2200253 a 4500 |
| 020 ## - INTERNATIONAL STANDARD BOOK NUMBER | |
| ISBN | 817214X |
| 082 00 - DEWEY DECIMAL CLASSIFICATION NUMBER | |
| Classification number | 261.2 |
| Author Cutter | KUR |
| 100 ## - MAIN ENTRY--AUTHOR NAME | |
| Author name | Kuruvilla, Fr Philip |
| 245 ## - TITLE STATEMENT | |
| Title | Identity and Integration of the Orthodox Church in India |
| Sub title | Diaspora Youth- |
| 260 ## - PUBLICATION, DISTRIBUTION, ETC. (IMPRINT) | |
| Place of publication | Delhi |
| Name of publisher | ISPCK |
| Year of publication | 2000 |
| 300 ## - PHYSICAL DESCRIPTION | |
| Number of Pages | 141p |
| 500 ## - GENERAL NOTE | |
| General note | includes index and biblioraphy |
| 505 2# - FORMATTED CONTENTS NOTE | |
| Formatted contents note | Bibliography, Appendix |
| 650 ## - SUBJECT ADDED ENTRY--TOPICAL TERM | |
| Topical Term | Pluralism |
| 650 ## - SUBJECT ADDED ENTRY--TOPICAL TERM | |
| Topical Term | Christian-Youth |
| 942 ## - ADDED ENTRY ELEMENTS (KOHA) | |
| Koha item type | Books |
| 700 1# - | |
| -- | Kuruvilla, Fr Philip |
| Collection code | Home library | Current library | Date acquired | Cost, normal purchase price | Full call number | Accession Number | Koha item type |
|---|---|---|---|---|---|---|---|
| Henry Martyn Institute Library | Henry Martyn Institute Library | 07/10/2007 | 95.00 | 261.2 KUR | 019748 | Books |
